| 000 | 01364nam a2200409Ii 4500 | ||
|---|---|---|---|
| 001 | DIGDEU0102 | ||
| 003 | NyNyDIG | ||
| 006 | m o d | ||
| 007 | cr ||||||||||| | ||
| 008 | 130501s1995 sp ob 001 0 spa d | ||
| 020 |
_a9788498308884 _q(eBook) |
||
| 020 | _z8474854075 | ||
| 020 | _z9788474854077 | ||
| 035 | _a(OCoLC)857077368 | ||
| 040 |
_aDGITA _beng _epn _cDGITA |
||
| 041 | 1 |
_aspa _hbaq |
|
| 050 | 1 | 4 | _aBJ1185.B3 eBook |
| 100 | 1 |
_aGárate, Román _q(Gárate Goyarzun), _d1925- |
|
| 240 | 1 | 0 |
_aEtika eta askatasuna. _lSpanish |
| 245 | 1 | 0 |
_aEtica y libertad / _cRoman Garate. |
| 264 | 1 |
_aBilbao : _bUniversidad de Deusto, _c1995. |
|
| 300 | _a1 online resource (135 pages) | ||
| 336 |
_atext _btxt _2rdacontent |
||
| 337 |
_acomputer _bc _2rdamedia |
||
| 338 |
_aonline resource _bcr _2rdacarrier |
||
| 500 | _aTranslation of: Etika eta askatasuna. Bilbao: Ediciones Mensajero, S.A., 1993. | ||
| 504 | _aIncludes bibliographical references and index. | ||
| 650 | 0 |
_aLiberty _xPhilosophy. |
|
| 650 | 0 | _aEthics. | |
| 650 | 0 | _aLiberty. | |
| 655 | 0 | _aElectronic books. | |
| 791 | 2 |
_aDigitalia (Firm), _edistributor. |
|
| 793 | 0 |
_gDigitalia eBook Collection: _aUniversidad de Deusto. |
|
| 856 | 4 | 0 |
_3Digitalia Hispánica _uhttps://www.digitaliapublishing.com/a/17603/ |
| 910 | _aPremium Collection: 2007-2012 | ||
| 942 | _cRAA | ||
| 999 |
_c235487 _d235487 |
||